000 00923nam a2200253Ia 4500
003 OSt
005 20220923225529.0
006 a|||||r|||| 00| 0
007 ta
008 220922b |||||||| |||| 00| 0 urd d
024 _a270,482
037 _cTextual
040 _aARTS
_cARTS
_burd
041 _2urd
_aurd
082 _aO168,2M79,6, 152M4
100 _aआगा हश्र, काश्मीरी
245 0 _aअछूता दामन, अनु और संपा कृष्णदेव झारी
246 _aAchhūtā dāhina, anu aur sanpā kṛuṣhṇadev zārī
260 _aनई दिल्ली
_b शारदा प्रकाशन
_c1985
300 _a123पृ0
_ccm.
650 _aउर्दू साहित्य
942 _hO168,2M79,6, 152M4
_cTEXL
_2CC
999 _c378864
_d378864